Menghidupkan malam / (Record no. 1180)

000 -LEADER
fixed length control field nam a22 a 4500
003 - CONTROL NUMBER IDENTIFIER
control field AKMAL
005 - DATE AND TIME OF LATEST TRANSACTION
control field 20170508150147.0
008 - FIXED-LENGTH DATA ELEMENTS--GENERAL INFORMATION
fixed length control field 170508s1987 my 00 may d
020 ## - INTERNATIONAL STANDARD BOOK NUMBER
Terms of availability RM3.00 (kkt.)
040 ## - CATALOGING SOURCE
Original cataloging agency AKMAL
Transcribing agency AKMAL
082 04 - DEWEY DECIMAL CLASSIFICATION NUMBER
Classification number 297.3 WAN
Edition number 22
090 00 - LOCALLY ASSIGNED LC-TYPE CALL NUMBER (OCLC); LOCAL CALL NUMBER (RLIN)
Classification number (OCLC) (R) ; Classification number, CALL (RLIN) (NR) 297.52
Local cutter number (OCLC) ; Book number/undivided call number, CALL (RLIN) WAN
100 0# - MAIN ENTRY--PERSONAL NAME
Personal name Wan M. Izuddin
9 (RLIN) 2388
245 10 - TITLE STATEMENT
Title Menghidupkan malam /
Statement of responsibility, etc. Wan M. Izuddin
260 ## - PUBLICATION, DISTRIBUTION, ETC.
Place of publication, distribution, etc. Kuala Lumpur :
Name of publisher, distributor, etc. Pusat Pembangunan Insan,
Date of publication, distribution, etc. 1987
300 ## - PHYSICAL DESCRIPTION
Extent v, 63ms. :
Other physical details il. ;
Dimensions 21cm.
500 ## - GENERAL NOTE
General note Mengandungi ayat-ayat dari Quran
650 10 - SUBJECT ADDED ENTRY--TOPICAL TERM
Topical term or geographic name entry element Prayer
General subdivision Islam
9 (RLIN) 1518
650 20 - SUBJECT ADDED ENTRY--TOPICAL TERM
Topical term or geographic name entry element Religious life
General subdivision Islam
9 (RLIN) 819
942 ## - ADDED ENTRY ELEMENTS (KOHA)
Source of classification or shelving scheme
Koha item type Book
Holdings
Withdrawn status Lost status Source of classification or shelving scheme Damaged status Not for loan Collection code Home library Current library Shelving location Date acquired Inventory number Total Checkouts Full call number Barcode Date last seen Price effective from Koha item type
          NON-FICTION AKMAL Melaka AKMAL Melaka PINJAMAN 08.05.2017 200138   297.3 WAN 201702259 08.05.2017 08.05.2017 Book
Pusat Sumber Maklumat Dato' Haji Sarmin Md Hussin, Akademi Kastam Diraja Malaysia, Melaka
Tel: 06-2331106 | Faks: 06-2313787